|
|
|
|
| LEADER |
00000nam0a2200000 4500 |
| 001 |
41782 |
| 005 |
20231031014706.0 |
| 010 |
|
|
|a 5938780209
|
| 035 |
|
|
|a (RuTPU)RU\TPU\book\42914
|
| 090 |
|
|
|a 41782
|
| 100 |
|
|
|a 20020703d2002 k y0rusy50 ca
|
| 101 |
1 |
|
|a rus
|
| 102 |
|
|
|a RU
|
| 105 |
|
|
|a y z 001zy
|
| 200 |
1 |
|
|a Освобождение от психологического насилия
|a Деструктивные культы, контроль сознания, методы помощи
|e пер. с англ.
|f С. Хассен
|
| 210 |
|
|
|a СПб.
|c Прайм-ЕВРОЗНАК
|d 2002
|
| 215 |
|
|
|a 400 с.
|
| 225 |
1 |
|
|a Секреты психологии
|
| 320 |
|
|
|a Библиогр.: с. 375-390
|
| 610 |
1 |
|
|a психология
|
| 610 |
1 |
|
|a массовое сознание
|
| 610 |
1 |
|
|a психология масс
|
| 610 |
1 |
|
|a сознание
|
| 610 |
1 |
|
|a зомбирование
|
| 610 |
1 |
|
|a вербовки
|
| 610 |
1 |
|
|a промывание мозгов
|
| 610 |
1 |
|
|a страх
|
| 610 |
1 |
|
|a психологическое насилие
|
| 610 |
1 |
|
|a контроль
|
| 610 |
1 |
|
|a деструктивные культы
|
| 610 |
1 |
|
|a религии
|
| 610 |
1 |
|
|a тоталитарные секты
|
| 610 |
1 |
|
|a неототалитарные группы
|
| 610 |
1 |
|
|a религиозные культы
|
| 610 |
1 |
|
|a психотерапия
|
| 610 |
1 |
|
|a информационные психологии
|
| 610 |
1 |
|
|a культы
|
| 610 |
1 |
|
|a фобии
|
| 610 |
1 |
|
|a воздействия
|
| 610 |
1 |
|
|a психологическая помощь
|
| 686 |
|
|
|a Ю955
|v LBC/SL-A
|2 rubbk
|
| 686 |
|
|
|a Ю957
|v LBC/SL-A
|2 rubbk
|
| 700 |
|
1 |
|a Хассен
|b С.
|g Стивен
|
| 801 |
|
1 |
|a RU
|b 63413507
|c 20020703
|g PSBO
|
| 801 |
|
2 |
|a RU
|b 63413507
|c 20120706
|g PSBO
|
| 900 |
|
|
|a Психология массовой коммуникации
|
| 942 |
|
|
|c BK
|